000 00475nam a2200181Ia 4500
005 20250508161809.0
008 008 250505s9999 xx 000 0 hin d
037 _aTextual
040 _aFEDL
_beng
_cFEDL
041 _ahin
_2eng
084 _a597, KAI
_qFEDL
100 _aKailash Chandra
245 0 _aRang-birangi machhliyan
260 _aMeerut, India
_bSurya Mukhi Prakashan
300 _a34p
942 _cTEXL
_h597, KAI
999 _c1372259
_d1372259